000
00238nam a2200097Ia 4500
001
943404
005
20250826215342.0
008
250824s9999 xx 000 0 und d
245
0
_a
KÖRLÜK
_c
JOSE SARAMAGO
260
_b
KIRMIZI KEDİ YAYINLARI
999
_c
943404
_d
943404